| 000 | 00544nam a2200193 i 4500 | ||
|---|---|---|---|
| 001 | 189053 | ||
| 003 | ES-MaACL | ||
| 005 | 20231213165331.0 | ||
| 008 | 190326s2017 sp |||| | spa d | ||
| 020 | _a978-84-16814-81-7 | ||
| 080 | _a821.134.2-32"19" | ||
| 100 | 1 |
_aMansilla, Fernando, _d1951- _976119 |
|
| 245 | 1 | 0 |
_aDoce tristes cuentos / _cFernando Mansilla Izquierdo. |
| 250 | _a1ยช ed. | ||
| 260 |
_aSevilla : _bAlbores, _c2017. |
||
| 300 |
_a63 p. ; _c21 cm. |
||
| 852 |
_aES-MaACL _j2339-F-2 |
||
| 999 |
_c189053 _d189053 |
||